Population of Japan (Record no. 18263)

MARC details
000 -LEADER
fixed length control field 00339nam a2200133Ia 4500
082 ## - DEWEY DECIMAL CLASSIFICATION NUMBER
Classification number 304.60952 POP;
245 #0 - TITLE STATEMENT
Title Population of Japan
260 ## - PUBLICATION, DISTRIBUTION, ETC. (IMPRINT)
Place of publication Tokyo
Name of publisher Statistics Bureau
Year of publication 1986
300 ## - PHYSICAL DESCRIPTION
Number of Pages 124p.
650 ## - SUBJECT ADDED ENTRY--TOPICAL TERM
Topical Term Population - Economic aspects
650 ## - SUBJECT ADDED ENTRY--TOPICAL TERM
Topical Term Japan - Population - Statistics
650 ## - SUBJECT ADDED ENTRY--TOPICAL TERM
Topical Term Japan - Population
942 ## - ADDED ENTRY ELEMENTS (KOHA)
Koha item type Books
Holdings
Withdrawn status Lost status Damaged status Not for loan Home library Current library Date acquired Bill Date Full call number Accession Number Price effective from Koha item type
        NASSDOC Library NASSDOC Library 08/06/2004 2004-10-22 304.60952 POP; 23569 18/04/2019 Books